Documento firmado por Don Guadalupe Victoria (Record no. 4634)
[ view plain ]
| 000 -CABECERA | |
|---|---|
| campo de control de longitud fija | 01370nam a2200301 a 4500 |
| 001 - NÚMERO DE CONTROL | |
| campo de control | BRCA_4940 |
| 005 - FECHA Y HORA DE LA ÚLTIMA TRANSACCIÓN | |
| campo de control | 20190320204853.0 |
| 008 - DATOS DE LONGITUD FIJA--INFORMACIÓN GENERAL | |
| campo de control de longitud fija | 211010s1823----mx-#######---#000-0#spa-# |
| 041 ## - CÓDIGO DE LENGUA | |
| Código de lengua del texto/banda sonora o título independiente | spa |
| 044 ## - CÓDIGO DEL PAÍS DE LA ENTIDAD EDITORA/PRODUCTORA | |
| Código MARC del país | mx |
| 084 ## - OTRO NÚMERO DE CLASIFICACIÓN | |
| Número de clasificación | DOC27 |
| Número de documento/Ítem | .V53 |
| -- | 1823 |
| 100 1# - ENTRADA PRINCIPAL--NOMBRE DE PERSONA | |
| Nombre de persona | Victoria, Guadalupe |
| Fechas asociadas al nombre | 1786-1843 |
| 9 (RLIN) | 12536 |
| 245 10 - MENCIÓN DE TÍTULO | |
| Título | Documento firmado por Don Guadalupe Victoria |
| Mención de responsabilidad, etc. | Guadalupe Victoria. |
| 260 ## - PUBLICACIÓN, DISTRIBUCIÓN, ETC. | |
| Lugar de publicación, distribución, etc. | México |
| Fecha de publicación, distribución, etc. | 1823 |
| 300 ## - DESCRIPCIÓN FÍSICA | |
| Extensión | [2] fojas |
| Dimensiones | 30 x 21 cm. |
| 500 ## - NOTA GENERAL | |
| Nota general | Documento firmado el 26 de mayo de 1823. |
| 500 ## - NOTA GENERAL | |
| Nota general | Documento de Don Guadalupe Victoria dirigido al Exmo. Señor Secretario de Estado, dándole las gracias por las felicitaciones recibidas en ocasión del desempeño de su misión durante el embarque a Italia de Don Agustín de Iturbide. |
| 500 ## - NOTA GENERAL | |
| Nota general | El documento contiene la leyenda DOC. #36. |
| 500 ## - NOTA GENERAL | |
| Nota general | Estado de conservación: Falta esquina inferior derecha y tiene anotaciones en tinta roja. |
| 506 0# - NOTA DE RESTRICCIONES AL ACCESO | |
| Limitaciones de acceso | Fondo Reservado. Para su consulta es necesario credencial de usuario y carta de motivos. |
| 546 ## - NOTA DE LENGUA/LENGUAJE | |
| Nota de lengua/lenguaje | Texto en: español de principios del siglo XIX. |
| 600 14 - PUNTO DE ACCESO ADICIONAL DE MATERIA--NOMBRE DE PERSONA | |
| Nombre de persona | Victoria, Guadalupe |
| Fechas asociadas al nombre | 1786-1843 |
| Subdivisión general | Historia |
| 9 (RLIN) | 12537 |
| 650 14 - PUNTO DE ACCESO ADICIONAL DE MATERIA--TÉRMINO DE MATERIA | |
| Término de materia o nombre geográfico como elemento de entrada | Exiliados |
| Subdivisión geográfica | México |
| 9 (RLIN) | 12450 |
| 651 #4 - PUNTO DE ACCESO ADICIONAL DE MATERIA--NOMBRE GEOGRÁFICO | |
| Nombre geográfico | México |
| Subdivisión general | Historia |
| Subdivisión cronológica | Primeros gobiernos indepedientes, 1821-1824 |
| 9 (RLIN) | 12538 |
| 700 1# - PUNTO DE ACCESO ADICIONAL--NOMBRE DE PERSONA | |
| Nombre de persona | Iturbide, Agustín de |
| Fechas asociadas al nombre | 1783-1824 |
| 9 (RLIN) | 12539 |
| 902 ## - CATALOGADOR | |
| Iniciales | FDH |
| 942 ## - ELEMENTOS DE PUNTO DE ACCESO ADICIONAL (KOHA) | |
| Fuente del sistema de clasificación o colocación | Library of Congress Classification |
| Tipo de ítem Koha | Documentos |
| Estado de retiro | Estado de pérdida | Estado dañado | No para préstamo | Localización permanente | Ubicación/localización actual | Fecha de adquisición | Total de préstamos | Signatura topográfica completa | Código de barras | Fecha visto por última vez | Precio válido a partir de | Tipo de ítem Koha |
|---|---|---|---|---|---|---|---|---|---|---|---|---|
| El ejemplar forma parte de la colección y puede ser consultado según las políticas vigentes. | Biblioteca del Museo Franz Mayer (Rogerio Casas-Alatriste) | Biblioteca del Museo Franz Mayer (Rogerio Casas-Alatriste) | 21/10/2010 | DOC27 .V53 1823 | 5001 | 22/03/2019 | 22/03/2019 | Documentos |